|
|
|
|
| LEADER |
01217nam a22001817a 4500 |
| 008 |
170419b xxu||||| |||| 00| 0 eng d |
| 100 |
|
|
|a Congreve, William
|
| 245 |
|
|
|a The comedies of Congreve
|
| 260 |
|
|
|a London :
|b OUP ,
|c c1969.
|
| 300 |
|
|
|b 441p.
|
| 942 |
|
|
|c BK
|
| 999 |
|
|
|c 198006
|d 198006
|
| 952 |
|
|
|0 0
|1 0
|4 0
|6 822_400000000000000_DOB_C
|7 0
|9 218963
|a ENG
|b ENG
|c ST1
|d 2017-04-19
|i 10038
|l 2
|o 822.4 DOB/C
|p ENG10038
|r 2018-09-07
|s 2018-09-03
|w 2018-08-21
|y BK
|
| 952 |
|
|
|0 0
|1 0
|4 0
|6 822_400000000000000_DOB_C
|7 0
|9 218964
|a ENG
|b ENG
|c ST1
|d 2017-04-19
|i 10141
|l 0
|o 822.4 DOB/C
|p ENG10141
|r 2017-04-19
|w 2018-08-21
|y BK
|
| 952 |
|
|
|0 0
|1 0
|4 0
|6 822_400000000000000_DOB_C
|7 0
|9 218965
|a ENG
|b ENG
|c ST1
|d 2017-04-19
|i 10142
|l 1
|o 822.4 DOB/C
|p ENG10142
|r 2018-09-27
|s 2018-09-07
|w 2018-08-21
|y BK
|
| 952 |
|
|
|0 0
|1 0
|4 0
|6 822_400000000000000_DOB_C
|7 0
|9 218966
|a ENG
|b ENG
|c ST1
|d 2017-04-19
|i 10155
|l 1
|o 822.4 DOB/C
|p ENG10155
|r 2018-10-11
|s 2018-10-09
|w 2018-08-21
|y BK
|
| 952 |
|
|
|0 0
|1 0
|4 0
|6 822_400000000000000_DOB_C
|7 0
|9 218967
|a ENG
|b ENG
|c ST1
|d 2017-04-19
|i 10156
|l 0
|o 822.4 DOB/C
|p ENG10156
|r 2017-04-19
|w 2018-08-21
|y BK
|
| 952 |
|
|
|0 0
|1 0
|4 0
|6 822_400000000000000_DOB_C
|7 0
|9 218968
|a ENG
|b ENG
|c ST1
|d 2017-04-19
|i 10157
|l 5
|m 1
|o 822.4 DOB/C
|p ENG10157
|r 2021-11-03
|s 2021-10-07
|w 2018-08-21
|y BK
|